| 000 | 00549cam a2200205ua 4500 | ||
|---|---|---|---|
| 020 | _c130.00 | ||
| 041 |
_aeng _h |
||
| 082 |
_a630.2954 _bRAJ/ES |
||
| 100 | _aRaj, K N . | ||
| 245 |
_aEssays on the commercialisation of Indian agriculture / _cK N Raj. _hTextual Documents |
||
| 250 |
_a1 / _b. |
||
| 260 |
_aDelhi : _bOxford University Press , _c1985. |
||
| 300 | _a354 ; . | ||
| 365 | _a130.00 | ||
| 504 | _a | ||
| 700 | 1 | _aNeeladri, Bhattacharya . | |
| 700 | 1 | _aSumit Guha, Shakti Pathi . | |
| 942 | _cBK | ||
| 999 |
_c9344 _d9344 |
||